| 000 | 01121nam0a22003131 4500 | ||
|---|---|---|---|
| 001 | rc\2365786 | ||
| 005 | 20110829155306.3 | ||
| 035 | _a(NLR Aleph) 006597532 | ||
| 090 |
_a7212575 _c7212575 |
||
| 100 | _a20110829d1976 |||y0rusy50 ca | ||
| 101 | 0 | _arus | |
| 102 | _aRU | ||
| 105 | _ay z ||||| | ||
| 200 | 1 | _aАнализ цитограмм системой "Зенит"-ЭВМ | |
| 210 |
_aНовосибирск _cБ. и. _d1976 |
||
| 215 |
_a21 с. _cл. _d20 |
||
| 225 | 1 |
_aИн-т автоматики и электрометрии Сиб. отд-ния АН СССР. Препринт _v№ 49 |
|
| 300 | _aПеред загл. авт.: Л.А. Андрианов, В.С. Киричук, В.П. Косых, Г.П. Чейдо | ||
| 320 | _aБиблиогр.: с. 21 | ||
| 701 | 1 |
_aКосых _bВ. П. |
|
| 701 | 1 |
_aЧейдо _bГ. П. |
|
| 701 | 1 |
_aКиричук _bВ. С. |
|
| 701 | 1 |
_aАндрианов _bЛ. А. _gЛев Александрович |
|
| 801 | 0 |
_aRU _bNLR _gpsbo |
|
| 801 | 1 |
_aRU _bELAR _2rusmarc |
|
| 852 |
_aNLR _j77-4/6495 |
||
| 899 |
_aRuMoRGB _jБр 175/489 |
||
| 942 | _cBOOK | ||
| 980 | _aNB | ||